Á lódáil...

Meat hygiene

Sonraí Bibleagrafaíochta
Main Authors: D S Collins, J F Gracy, J Huey R, S.Collins D
Teanga:Undetermined
Foilsithe: London 1999
W.B -Saunders company ltd
Eagrán:10
LEADER 00667nam a2200265Ia 4500
008 141122s9999 xx 000 0 und d
040 |c . 
041 |a English 
082 |a BB 
082 |b 39 
100 |a D S Collins 
100 |a J F Gracy,  
100 |a J Huey R 
100 |a S.Collins D 
245 |a Meat hygiene 
245 |c J F Gracy,  
250 |a 10 
260 |b London 
260 |b W.B -Saunders company ltd  
260 |c 1999 
300 |a 758 Pages 
500 |a SC/ST BB 
942 |c BB 
999 |c 7363  |d 7363 
952 |0 0  |1 0  |4 0  |6 BB_000000000000000_39  |7 0  |9 7321  |a COVAS  |b COVAS  |d 0000-00-00  |o BB 39  |p BB39   |r 2014-11-26  |w 2014-11-26  |y BB